| 000 | 00375nam a2200133Ia 4500 | ||
|---|---|---|---|
| 008 | 170516s9999 xx 000 0 und d | ||
| 245 | _aCharge and Hydrophobicity Effects of NIR Fluorophores on Bone-Specific Imaging | ||
| 260 | _bTheranostics | ||
| 260 | _c2015 | ||
| 300 | _a5:6 | ||
| 650 | _xMedical Technology | ||
| 650 | _xMedtech | ||
| 856 | _uhttp://www.thno.org/v5i6 | ||
| 999 |
_c330086 _d330086 |
||